000 00529nam a2200181Ia 4500
008 151202s9999||||xx |||||||||||||| ||und||
082 _bPNVM-83570
100 _aकणेकर शिरीष.
245 _aचापटपोळी.
260 _bदिलिप प्रकाशन.
260 _c2014
300 _a232
600 _aकणेकर शिरीष.
630 _aचापटपोळी.
700 _aकणेकर शिरीष.
730 _aचापटपोळी.
942 _cBOOK
999 _c1348395
_d1348392